| 000 | 00521nam a2200193 i 4500 | ||
|---|---|---|---|
| 001 | 100655 | ||
| 003 | ES-MaACL | ||
| 005 | 20230906182721.0 | ||
| 007 | t| | ||
| 008 | 051004s1977 sp ||||1| spa d | ||
| 100 | 1 |
_aMate, Reyes. _978931 |
|
| 245 | 1 | 3 |
_aLa autogestión / _cReyes Mate. |
| 260 |
_aMadrid : _bMañana, _c1977. |
||
| 300 |
_a90 p. ; _c19 cm. |
||
| 490 | 1 |
_aEl Martillo Pilón ; _v19 |
|
| 830 | 0 |
_aEl Martillo Pilón ; _v19 _9182836 |
|
| 852 |
_aES-MaACL _jA-8270 _bR.97230 |
||
| 999 |
_c100655 _d100655 |
||